书目信息 |
| 题名: |
工业自动化仪表产品样本
|
|
| 作者: | ||
| 分册: | 上册 | |
| 出版信息: | 第一机械工业部 |
|
| 页数: | 794页 | |
| 开本: | 25cm | |
| 丛书名: | ||
| 单 册: | ||
| 中图分类: | TH86 | |
| 科图分类: | ||
| 主题词: | 工业仪表:自动化仪表 | |
| 电子资源: | ||
| ISBN: | ||
| 000 | 00457nam0 2200169 450 | |
| 001 | 0634999056 | |
| 005 | 20060731103240.57 | |
| 010 | @dCNY10.30 | |
| 100 | @a20060720d km y0chiy0120 ea | |
| 101 | 0 | @achi |
| 200 | 1 | @a工业自动化仪表产品样本@Agong ye zi dong hua yi biao chan pin yang ben@h上册 |
| 210 | @c第一机械工业部 | |
| 215 | @a794页@d25cm | |
| 606 | 0 | @a工业仪表:自动化仪表 |
| 690 | @aTH86@v3 | |
| 801 | 0 | @aCN@bPFT@c20060731 |
| 905 | @a10447@dTH86@e12:1 | |
| 工业自动化仪表产品样本.上册.-第一机械工业部 |
| 794页;25cm |
| ISBN :CNY10.30 |
| ● |
| 相关链接 |
|
|
|
|
正题名:工业自动化仪表产品样本
索取号:TH86/12:1
 
预约/预借
| 序号 | 登录号 | 条形码 | 馆藏地/架位号 | 状态 | 备注 |
| 1 | 0437390 | 204373908 | 密集书库/ [索取号:TH86/12:1] | 在馆 |